| 000 | 01312nam a22003491 4500 | ||
|---|---|---|---|
| 001 | 20963 | ||
| 003 | CZ PrNK | ||
| 005 | 20260207123143.0 | ||
| 008 | 011120s1958 xo e 000 d slo | ||
| 020 | _q(Váz.) | ||
| 040 |
_aABA001 _bcze _cABA001 _dABA001 |
||
| 041 | 1 |
_aslo _hfre |
|
| 072 | 7 |
_a821.133.1-2 _xFrancouzské drama, francouzsky psané _2Konspekt |
|
| 080 |
_a821.133.1-2 _2MRF |
||
| 080 |
_a(0:82-293) _2MRF |
||
| 100 | 1 |
_aGluck, Christoph Willibald, _d1714-1787 _4cmp |
|
| 245 | 1 | 0 |
_aIfigénia v Aulide : _bopera v troch dejstvách / _cChristoph Willibald Gluck ; libreto napísal Railly du Roullet ; preložila Jela Krčméry-Vrtelová |
| 250 | _a1. vyd. | ||
| 260 |
_aBratislava : _bSlovenské vydavateľstvo krásnej literatúry _c1958 |
||
| 300 |
_a84 s. ; _c18 cm |
||
| 490 | 1 |
_aEdícia operných libriet ; _vzv. 5 |
|
| 500 | _aPřeloženo z francouzštiny | ||
| 505 | 2 | 0 |
_tGluckova cesta k opernej reforme / _rLjuba Makovická |
| 655 | 7 |
_afrancouzská dramata _2czenas |
|
| 655 | 7 |
_aoperní libreta _2czenas |
|
| 700 | 1 |
_aMakovická-Facunová, Ljuba, _d1921- _4cwt |
|
| 700 | 1 |
_aDu Roullet, François-Louis Gand Le Bland, _d1716-1786 _4lbt |
|
| 700 | 1 |
_aKrčméry-Vrteľová, Jela, _d1924-2021 _4trl |
|
| 830 | 0 | _aEdícia operných libriet | |
| 910 | _aABA001 | ||
| 942 |
_2ddc _cKLDO _n0 |
||
| 999 |
_c20963 _d20963 |
||